| 000 | 00556cam a2200217ua 4500 | ||
|---|---|---|---|
| 001 | 8284 | ||
| 008 | 150127n ii |||gr||||Z||||||asm | ||
| 020 | _a9789382283287 | ||
| 040 | _cMAIN | ||
| 041 | _aasm | ||
| 082 | _a891.4514 | ||
| 100 |
_aNeog, Bibha Dutta, _eAuthor., |
||
| 245 | 1 |
_aAsomiya gadyachayan _cby Bibha Dutta Neog |
|
| 250 | _a2nd. | ||
| 260 |
_aDibrugarh: _bKaustubh, _c2013. |
||
| 300 | _a319p. | ||
| 653 | _aEast Indo-European & Celtic literatures | ||
| 653 | _aAssamese literature | ||
| 700 |
_aDutta, Rita, _eAuthor. |
||
| 942 | _cBK | ||
| 999 |
_c7399 _d7399 |
||